logo

Bir Sreshtho Munshi Abdur Rouf Library
Jhenaidah Cadet College

প্রলয়-শিখা / (Record no. 3390)

MARC details
000 -LEADER
fixed length control field 00703nam a22002297a 4500
001 - CONTROL NUMBER
JCCL Control Number 3390
003 - CONTROL NUMBER IDENTIFIER
JCCL marc code BD-JhCC
005 - DATE AND TIME OF LATEST TRANSACTION
control field 20171113175403.0
008 - FIXED-LENGTH DATA ELEMENTS--GENERAL INFORMATION
fixed length control field 171113s2001 bg |||| |||| 000 0 ben d
020 ## - INTERNATIONAL STANDARD BOOK NUMBER
International Standard Book Number 9845552811
035 ## - SYSTEM CONTROL NUMBER
system control number (BD-JhCC)3390
040 ## - CATALOGING SOURCE
Original cataloging agency BD-JhCC
Modifying agency BD-JhCC
041 ## - LANGUAGE CODE
Language code of Book ben
082 ## - DEWEY DECIMAL CLASSIFICATION NUMBER
Classification number 891.4415
Author mark and Year NAZ 2001
100 ## - MAIN ENTRY--PERSONAL NAME
Personal name ইসলাম, কাজী নজরুল
245 ## - TITLE STATEMENT
Title প্রলয়-শিখা /
Statement of responsibility, etc কাজী নজরুল ইসলাম
260 ## - PUBLICATION, DISTRIBUTION, ETC. (IMPRINT)
Place of publication, distribution, etc ঢাকা :
Name of publisher, distributor, etc নজরুল ইন্সটিটিউট,
Date of publication, distribution, etc ২০০১.
300 ## - PHYSICAL DESCRIPTION
Pagination ৫৩ পৃ. :
Dimensions ২২ সেমি.
650 ## - SUBJECT ADDED ENTRY--TOPICAL TERM
Topical term or geographic name as entry element Bengali Poetry
942 ## - ADDED ENTRY ELEMENTS (KOHA)
Source of classification or shelving scheme Dewey Decimal Classification
Koha item type Books
Holdings
Source of classification or shelving scheme Damaged status Not for loan Home library Current library Shelving location Date of accession Cost, normal purchase price Total Checkouts Full call number Barcode Date last seen Copy number Koha item type
Dewey Decimal Classification     JCC Rouf Library JCC Rouf Library General Stacks 11/13/2017 30.00   891.4415 NAZ 2001 5232 11/13/2017 C-1 Books

JCC Library | Contacts | JCC Home

Last Update on 23 September 2017
Copyright @ 2017-2020 JCC Rouf Library
Rouf Library, Jhenidah Cadet College (JCC), Bangladesh